[Event "14. Lichtenberger Sommer"]
[Site "14. Lichtenberger Sommer"]
[Date "2015.08.21"]
[Round "7.1"]
[White "Stern, René"]
[Black "Figura, Atila Gajo"]
[Result "1-0"]
[WhiteElo "2536"]
[BlackElo "2384"]
[PlyCount "91"]
[EventDate "2015.??.??"]
[WhiteTeam "SK König Tegel"]
[BlackTeam "SC Kreuzberg"]

1. d4 Nf6 2. c4 g6 3. Nc3 d5 4. cxd5 Nxd5 5. e4 Nxc3 6. bxc3 Bg7 7. Nf3 c5 8.
Be3 O-O 9. Rc1 Qa5 10. Qd2 Rd8 11. d5 e6 12. Bg5 f6 13. Be3 Qa4 14. Qc2 Qxc2
15. Rxc2 exd5 16. exd5 b6 17. Be2 Bg4 18. O-O Nd7 19. c4 Re8 20. h3 Bxf3 21.
Bxf3 Ne5 22. Be2 f5 23. Rb1 Nf7 24. g3 Nd6 25. Kg2 Rac8 26. a4 Bd4 27. Bxd4
cxd4 28. Rd1 Re4 29. Bd3 Re7 30. Bf1 Re4 31. Bd3 Re7 32. Bf1 Re4 33. a5 d3 34.
Bxd3 Rd4 35. axb6 axb6 36. Rcc1 Kg7 37. Be2 Rxd1 38. Rxd1 Nxc4 39. d6 Ne5 40.
d7 Rd8 41. Bb5 Kf6 42. f4 Nf7 43. Re1 h6 44. Re8 g5 45. Kf3 Kg7 46. Ke3 1-0

[Event "14. Lichtenberger Sommer"]
[Site "14. Lichtenberger Sommer"]
[Date "2015.08.21"]
[Round "7.2"]
[White "Brüdigam, Martin"]
[Black "Poetsch, Hagen"]
[Result "0-1"]
[WhiteElo "2371"]
[BlackElo "2498"]
[PlyCount "60"]
[EventDate "2015.??.??"]
[WhiteTeam "SK König Tegel"]
[BlackTeam "SF Schöneck"]

1. e4 d5 2. exd5 Qxd5 3. Nf3 Bg4 4. Be2 Nc6 5. d4 O-O-O 6. c4 Qa5+ 7. Bd2 Qa6
8. c5 Bxf3 9. gxf3 b5 10. Nc3 Nxd4 11. Nxb5 Nxf3+ 12. Bxf3 Qxb5 13. Qb3 Qa6 14.
O-O-O e6 15. Be3 Be7 16. Rxd8+ Bxd8 17. Rg1 Nh6 18. Be4 Bf6 19. Bd3 Qb7 20. Qa3
Rd8 21. Rd1 Kb8 22. Kb1 c6 23. Bc1 Nf5 24. Ba6 Rxd1 25. Bxb7 Bg5 26. f4 Bxf4
27. Kc2 Rxc1+ 28. Kd3 Rd1+ 29. Ke2 Rd2+ 30. Ke1 Nd4 0-1

[Event "14. Lichtenberger Sommer"]
[Site "14. Lichtenberger Sommer"]
[Date "2015.08.21"]
[Round "7.3"]
[White "Ortmann, David"]
[Black "Abel, Dennes"]
[Result "0-1"]
[WhiteElo "2302"]
[BlackElo "2435"]
[PlyCount "86"]
[EventDate "2015.??.??"]
[WhiteTeam "SC Böblingen"]
[BlackTeam "SK Ricklingen"]

1. Nf3 d5 2. d4 Nf6 3. c4 c6 4. Nc3 e6 5. e3 Nbd7 6. Bd3 dxc4 7. Bxc4 b5 8. Bd3
Bb7 9. a3 Bd6 10. O-O O-O 11. Ne4 Nxe4 12. Bxe4 Qe7 13. Bd2 f5 14. Bc2 c5 15.
Qe2 Rac8 16. Rac1 c4 17. e4 fxe4 18. Bxe4 Bxe4 19. Qxe4 Nf6 20. Qh4 Nd5 21.
Qxe7 Bxe7 22. Rfe1 Rc6 23. Ne5 Rd6 24. a4 a6 25. g3 Bf6 26. axb5 axb5 27. b3
Bxe5 28. dxe5 Rc6 29. bxc4 bxc4 30. Re2 Kf7 31. Bc3 Kg6 32. Kg2 Kf5 33. Kf3 g5
34. h3 h5 35. Rec2 Rb8 36. g4+ Kg6 37. gxh5+ Kxh5 38. Bd2 c3 39. Rg1 Rf8+ 40.
Ke4 cxd2 41. Rxc6 Rf4+ 42. Kd3 Nb4+ 43. Kxd2 Nxc6 0-1

[Event "14. Lichtenberger Sommer"]
[Site "14. Lichtenberger Sommer"]
[Date "2015.08.21"]
[Round "7.4"]
[White "Rietze, Clemens"]
[Black "Malek, Daniel"]
[Result "0-1"]
[WhiteElo "2289"]
[BlackElo "2398"]
[PlyCount "60"]
[EventDate "2015.??.??"]
[WhiteTeam "SC Rotation Pankow"]
[BlackTeam "SK Zehlendorf"]

1. d4 Nf6 2. c4 e6 3. g3 d5 4. Bg2 dxc4 5. Qa4+ Nbd7 6. Nf3 a6 7. Qxc4 b5 8.
Qc2 Bb7 9. O-O c5 10. a4 b4 11. Nbd2 Rc8 12. Qb1 c4 13. e4 Be7 14. Re1 Ba8 15.
b3 c3 16. Nc4 Nb6 17. Bf1 O-O 18. a5 Nxc4 19. Bxc4 Rxc4 20. bxc4 Qc7 21. Qd3
Rc8 22. Ne5 Bd6 23. f4 Bxe5 24. fxe5 Nxe4 25. Rxe4 Bxe4 26. Qxe4 Qxc4 27. Kf2
b3 28. Ba3 b2 29. Re1 Qb3 30. Bxb2 Qxb2+ 0-1

[Event "14. Lichtenberger Sommer"]
[Site "14. Lichtenberger Sommer"]
[Date "2015.08.21"]
[Round "7.5"]
[White "Dauth, Benjamin"]
[Black "Lorenz, Sascha"]
[Result "1-0"]
[WhiteElo "2360"]
[BlackElo "2222"]
[PlyCount "71"]
[EventDate "2015.??.??"]
[WhiteTeam "SC Rotation Pankow"]
[BlackTeam "SK König Tegel"]

1. e4 d6 2. d4 Nf6 3. Nc3 e5 4. Nf3 exd4 5. Nxd4 Be7 6. Bc4 O-O 7. O-O Re8 8.
Re1 c6 9. a4 a5 10. h3 Bf8 11. Bg5 Nbd7 12. Qd2 Ne5 13. Bb3 Ng6 14. f4 h6 15.
f5 Ne5 16. Bh4 Be7 17. Qf2 b6 18. Bg3 Bb7 19. Rad1 Qc7 20. Kh1 Rad8 21. Bxe5
dxe5 22. Bxf7+ Kxf7 23. Ne6 Qc8 24. Qxb6 Rxd1 25. Rxd1 c5 26. Nc7 Bd8 27. Qb3+
Kf8 28. Nxe8 Kxe8 29. Nb5 Be7 30. Qg3 Nxe4 31. Qxg7 Nf2+ 32. Kg1 Nxd1 33. f6
Qd8 34. f7+ Kd7 35. Qg4+ Kc6 36. Qe6+ 1-0

[Event "14. Lichtenberger Sommer"]
[Site "14. Lichtenberger Sommer"]
[Date "2015.08.21"]
[Round "7.7"]
[White "Kalinitschew, Sergey"]
[Black "Gullaksen, Eirik"]
[Result "1/2-1/2"]
[WhiteElo "2410"]
[BlackElo "2345"]
[PlyCount "111"]
[EventDate "2015.??.??"]
[WhiteTeam "SC Kreuzberg"]
[BlackTeam "Bergens schakklub"]

1. d4 Nf6 2. Nf3 g6 3. c4 Bg7 4. g3 O-O 5. Bg2 d6 6. O-O c6 7. Nc3 Qb6 8. e3
Re8 9. c5 dxc5 10. Na4 Qc7 11. Nxc5 Nbd7 12. Nd3 b6 13. b4 Bb7 14. Qb3 Rac8 15.
Nfe5 e6 16. Bb2 Nxe5 17. Nxe5 Nd7 18. Nxd7 Qxd7 19. Rfd1 Qe7 20. Rac1 Ba8 21.
Rd2 e5 22. dxe5 Bxe5 23. Bxe5 Qxe5 24. Rdc2 Red8 25. a4 Rd6 26. h3 Qf6 27. Rc4
Rcd8 28. Rf4 Qe7 29. a5 Bb7 30. Kh2 R8d7 31. h4 h5 32. axb6 axb6 33. Qa4 b5 34.
Qa7 Rf6 35. Rc2 Rxf4 36. Qb8+ Kg7 37. Qxf4 Qd6 38. Qxd6 Rxd6 39. Be4 Kf6 40. f4
Re6 41. Bf3 Rxe3 42. Bxc6 Bxc6 43. Rxc6+ Kf5 44. Kh3 Rb3 45. Rc5+ Ke4 46. Rxb5
Kf3 47. Rc5 Rxb4 48. f5 Rb6 49. Rc7 Rf6 50. fxg6 fxg6 51. Rc3+ Ke4 52. Rc4+ Kf5
53. Rc5+ Ke4 54. Rc4+ Kf5 55. Rc5+ Ke4 56. Rc4+ 1/2-1/2

[Event "14. Lichtenberger Sommer"]
[Site "14. Lichtenberger Sommer"]
[Date "2015.08.21"]
[Round "7.8"]
[White "De Sallier, Francois"]
[Black "Berger, Steve"]
[Result "0-1"]
[WhiteElo "2131"]
[BlackElo "2420"]
[PlyCount "62"]
[EventDate "2015.??.??"]
[WhiteTeam "Club du Canal St-Martin Paris"]
[BlackTeam "SK König Tegel"]

1. e4 e6 2. d3 d5 3. Nd2 Nf6 4. Ngf3 Nc6 5. e5 Nd7 6. d4 f6 7. Bb5 fxe5 8. dxe5
Be7 9. O-O O-O 10. Bxc6 bxc6 11. c4 a5 12. Qa4 Nc5 13. Qc2 Bd7 14. Nb3 Ne4 15.
cxd5 cxd5 16. Be3 c5 17. Rac1 Rc8 18. Rfd1 a4 19. Nbd2 Nxd2 20. Bxd2 Be8 21.
Re1 Ra8 22. b3 Bg6 23. Qb2 Bh5 24. bxa4 Rxa4 25. Qb3 Qd7 26. Ng5 c4 27. Qh3
Bxg5 28. Bxg5 Bg6 29. a3 d4 30. Qh4 c3 31. Be7 d3 0-1

[Event "14. Lichtenberger Sommer"]
[Site "14. Lichtenberger Sommer"]
[Date "2015.08.21"]
[Round "7.9"]
[White "McGowan, Daniel"]
[Black "Muse, Drazen"]
[Result "1/2-1/2"]
[WhiteElo "2120"]
[BlackElo "2408"]
[PlyCount "64"]
[EventDate "2015.??.??"]
[WhiteTeam "SF 1903 Berlin"]
[BlackTeam "SK König Tegel"]

1. e4 c5 2. Nf3 d6 3. c3 Nf6 4. h3 Nc6 5. Bd3 e5 6. O-O Be7 7. Re1 O-O 8. Bc2
Qc7 9. a4 h6 10. d3 a6 11. Nbd2 Be6 12. Nf1 d5 13. Ng3 dxe4 14. dxe4 Na5 15.
Nh4 Rfd8 16. Qf3 Nh7 17. Nhf5 Bf8 18. Qg4 Kh8 19. Qh4 Rd7 20. f4 Qd8 21. Qg4
Bb3 22. Bxb3 Nxb3 23. Rb1 Nxc1 24. Rbxc1 g6 25. Ne3 h5 26. Qf3 h4 27. Ngf1 exf4
28. Qxf4 Qg5 29. Qf3 Re8 30. Rcd1 Rxd1 31. Rxd1 Qe7 32. Nd5 Qxe4 1/2-1/2

[Event "14. Lichtenberger Sommer"]
[Site "14. Lichtenberger Sommer"]
[Date "2015.08.21"]
[Round "7.10"]
[White "Bazarov, Konstantin"]
[Black "Postler, Reinhard"]
[Result "1-0"]
[WhiteElo "2321"]
[BlackElo "2214"]
[PlyCount "65"]
[EventDate "2015.??.??"]
[WhiteTeam "Moscow"]
[BlackTeam "TSG Oberschöneweide"]

1. d4 d5 2. c4 c6 3. Nf3 Nf6 4. Qb3 dxc4 5. Qxc4 Bf5 6. g3 e6 7. Bg2 Nbd7 8.
O-O Be7 9. e3 O-O 10. Rd1 Qb6 11. Qe2 Ne4 12. Nbd2 Nxd2 13. Nxd2 Bc2 14. Re1
Bg6 15. Nc4 Qa6 16. Bd2 Nb6 17. b3 c5 18. Nxb6 Qxb6 19. Bc3 Rfd8 20. Red1 Rac8
21. d5 exd5 22. Bxd5 Qc7 23. Qg4 Bd6 24. f4 Qd7 25. Qxd7 Rxd7 26. g4 h5 27. f5
Bh7 28. h3 hxg4 29. hxg4 Rcd8 30. e4 Kf8 31. Kg2 Bg8 32. Rh1 Bf4 33. Raf1 1-0

[Event "14. Lichtenberger Sommer"]
[Site "14. Lichtenberger Sommer"]
[Date "2015.08.21"]
[Round "7.11"]
[White "Schild, Christoph"]
[Black "Amelang, Thomas"]
[Result "1/2-1/2"]
[WhiteElo "2375"]
[BlackElo "2158"]
[PlyCount "137"]
[EventDate "2015.??.??"]
[WhiteTeam "SK Freiburg-Zähringen 1887 e.V."]
[BlackTeam "SK Siemens München"]

1. c4 c5 2. Nc3 Nc6 3. g3 g6 4. Bg2 Bg7 5. Nf3 Nf6 6. O-O O-O 7. d3 Rb8 8. d4
cxd4 9. Nxd4 Nxd4 10. Qxd4 b6 11. Bf4 d6 12. Qd2 Bb7 13. e4 Re8 14. Rac1 Qd7
15. f3 Rec8 16. b3 Nh5 17. Be3 Nf6 18. Rfd1 Ne8 19. Nd5 e6 20. Nc3 Bc6 21. a4
Qe7 22. Bf4 Rd8 23. Nb5 Rd7 24. Bg5 Bf6 25. Be3 Bg7 26. Nd4 Bb7 27. b4 Rc8 28.
Nb3 Rdc7 29. Qd3 Ba6 30. b5 Bb7 31. a5 bxa5 32. Nxa5 Ba8 33. b6 axb6 34. Bxb6
Rd7 35. c5 Qg5 36. c6 Re7 37. Qa6 Rb8 38. c7 Nxc7 39. Bxc7 Rbe8 40. f4 Qh5 41.
Rxd6 Bb2 42. Bd8 Bxc1 43. Bxe7 Ba3 44. h3 Bxd6 45. Bxd6 Qd1+ 46. Kh2 Qa4 47.
Qb6 Bxe4 48. Qb4 Qxb4 49. Bxb4 Bxg2 50. Kxg2 f6 51. Nc6 Kf7 52. Bd2 Rc8 53. Nd4
Rc4 54. Be3 Ra4 55. Kf3 Ra1 56. g4 Rh1 57. Kg2 Re1 58. Bf2 Rd1 59. Nf3 h6 60.
h4 Rd5 61. g5 hxg5 62. hxg5 fxg5 63. fxg5 e5 64. Be3 Ra5 65. Nd2 Ke6 66. Kf3
Ra4 67. Ne4 Kf5 68. Nd6+ Ke6 69. Ne4 1/2-1/2

[Event "14. Lichtenberger Sommer"]
[Site "14. Lichtenberger Sommer"]
[Date "2015.08.21"]
[Round "7.12"]
[White "Gallien, Fabian"]
[Black "Giemsa, Stephan"]
[Result "1/2-1/2"]
[WhiteElo "2145"]
[BlackElo "2336"]
[PlyCount "70"]
[EventDate "2015.??.??"]
[WhiteTeam "SC Schwarz-Weiß Lichtenrade e.V."]
[BlackTeam "SK König Tegel"]

1. e4 e6 2. d3 d5 3. Qe2 Nf6 4. Nd2 Nc6 5. c3 d4 6. Ngf3 e5 7. Nc4 Bg4 8. Qc2
Bxf3 9. gxf3 Nh5 10. Qa4 Qd7 11. h4 dxc3 12. bxc3 a6 13. Qc2 b5 14. Ne3 Nf4 15.
Ng2 Ne6 16. a3 Rd8 17. Bb2 Bc5 18. f4 exf4 19. O-O-O f3 20. Ne3 Bxe3+ 21. fxe3
Ne5 22. Rg1 O-O 23. c4 f6 24. d4 Nxc4 25. Bxc4 bxc4 26. Qxc4 Rf7 27. Rg3 c5 28.
d5 Nc7 29. Rxf3 Qb5 30. Qc2 Rfd7 31. Rg1 Ne8 32. Bxf6 Nxf6 33. Rxf6 Rb8 34. Rc6
Rf7 35. Rxc5 Rf1+ 1/2-1/2

[Event "14. Lichtenberger Sommer"]
[Site "14. Lichtenberger Sommer"]
[Date "2015.08.21"]
[Round "7.13"]
[White "Lerch, Philipp"]
[Black "Dimitrijeski, Kristian"]
[Result "1-0"]
[WhiteElo "2302"]
[BlackElo "2158"]
[PlyCount "125"]
[EventDate "2015.??.??"]
[WhiteTeam "SC Kreuzberg"]
[BlackTeam "SK König Tegel"]

1. c4 c6 2. g3 Nf6 3. Nf3 d5 4. Bg2 dxc4 5. O-O g6 6. a4 Bg7 7. Na3 O-O 8. Nxc4
Nbd7 9. a5 a6 10. d4 Ne4 11. Bf4 Nef6 12. Re1 Nd5 13. Bd2 f5 14. Qb3 Kh8 15.
Bf4 Nxf4 16. gxf4 h6 17. Rad1 Qe8 18. Nce5 Nxe5 19. dxe5 Qf7 20. Qxf7 Rxf7 21.
Nd4 Rf8 22. Nb3 Rb8 23. Rd4 b6 24. Rb4 b5 25. Rd4 g5 26. e3 gxf4 27. exf4 Rg8
28. Kh1 Bf8 29. Rd8 e6 30. Nd4 Bb4 31. Rxg8+ Kxg8 32. Rg1 Bb7 33. Bxc6+ Kf7 34.
Bxb7 Rxb7 35. Nc6 Be7 36. b4 Rd7 37. Rc1 Bf8 38. Kg2 Rd2 39. Rb1 Rd7 40. Kf3
Rc7 41. Nb8 Ra7 42. Rc1 Bxb4 43. Nc6 Ba3 44. Rc3 b4 45. Rc4 Rd7 46. Nxb4 Bxb4
47. Rxb4 Rd3+ 48. Kg2 Rd5 49. Rb7+ Kg6 50. Rb6 Rxa5 51. Rxe6+ Kg7 52. Rf6 Ra1
53. Rxf5 a5 54. e6 Re1 55. Rf7+ Kg8 56. f5 Re5 57. f4 Rb5 58. f6 Rf5 59. Kf3 a4
60. Ke4 Ra5 61. Rg7+ Kh8 62. e7 Ra8 63. f7 1-0

[Event "14. Lichtenberger Sommer"]
[Site "14. Lichtenberger Sommer"]
[Date "2015.08.21"]
[Round "7.14"]
[White "Krefenstein, Sergej"]
[Black "Brümmel, Arend"]
[Result "1-0"]
[WhiteElo "2184"]
[BlackElo "2154"]
[PlyCount "63"]
[EventDate "2015.??.??"]
[WhiteTeam "TuS Makkabi Berlin"]
[BlackTeam "Stader SV"]

1. e4 c5 2. Nc3 Nc6 3. f4 g6 4. Nf3 Bg7 5. Bb5 Nh6 6. O-O O-O 7. Bxc6 dxc6 8.
d3 Bg4 9. h3 Bxf3 10. Qxf3 e6 11. g4 f5 12. g5 Bxc3 13. bxc3 fxe4 14. dxe4 Nf7
15. Qg4 Qa5 16. Bb2 Qb5 17. Rab1 Qc4 18. f5 exf5 19. exf5 Qxg4+ 20. hxg4 Nd6
21. Rbd1 Rad8 22. c4 Nxc4 23. Bf6 Rxd1 24. Rxd1 Nb6 25. Be7 Re8 26. Bxc5 gxf5
27. gxf5 Re5 28. Rd8+ Kf7 29. Rf8+ Kg7 30. f6+ Kg6 31. Rg8+ Kh5 32. Bxb6 1-0

[Event "14. Lichtenberger Sommer"]
[Site "14. Lichtenberger Sommer"]
[Date "2015.08.21"]
[Round "7.15"]
[White "Federau, Jürgen"]
[Black "Jahnz, Fabian"]
[Result "0-1"]
[WhiteElo "2121"]
[BlackElo "2224"]
[PlyCount "64"]
[EventDate "2015.??.??"]
[WhiteTeam "SC Kreuzberg e.V."]
[BlackTeam "SK König Tegel"]

1. d4 d5 2. c4 c6 3. e3 Nf6 4. Nc3 e6 5. Nf3 Nbd7 6. Bd3 Bd6 7. O-O O-O 8. e4
dxc4 9. Bxc4 e5 10. Bg5 h6 11. Bh4 b5 12. Bb3 Bb7 13. Re1 a6 14. Rc1 Rc8 15. a3
Qe7 16. Ba2 Rfd8 17. Qe2 a5 18. Kh1 b4 19. axb4 axb4 20. Nb1 Re8 21. Nbd2 exd4
22. Nxd4 Qe5 23. N4f3 Qxb2 24. Qc4 Re7 25. Rc2 Qa3 26. Qd4 Be5 27. Nxe5 Nxe5
28. Re3 Qa5 29. Rc5 Qxa2 30. Rxe5 Rd7 31. Qxb4 Qa1+ 32. Nb1 Rd1+ 0-1

[Event "14. Lichtenberger Sommer"]
[Site "14. Lichtenberger Sommer"]
[Date "2015.08.21"]
[Round "7.16"]
[White "De Marchi, Olivier"]
[Black "Simon, Ralf-Axel"]
[Result "0-1"]
[WhiteElo "2283"]
[BlackElo "2113"]
[PlyCount "33"]
[EventDate "2015.??.??"]
[WhiteTeam "La Diagonale - Eybens"]
[BlackTeam "TSG Neuruppin"]

1. d4 Nf6 2. c4 c6 3. Nc3 d5 4. e3 a6 5. Nf3 Bf5 6. Ne5 Nbd7 7. Qb3 Rb8 8. Nxd7
Qxd7 9. cxd5 Nxd5 10. Bxa6 Nxc3 11. bxc3 b5 12. c4 Rb6 13. d5 Rxa6 14. dxc6
Rxc6 15. cxb5 Rb6 16. a4 e5 17. a5 0-1

[Event "14. Lichtenberger Sommer"]
[Site "14. Lichtenberger Sommer"]
[Date "2015.08.21"]
[Round "7.17"]
[White "Vogel, Robert"]
[Black "Segerberg, Tomas"]
[Result "1-0"]
[WhiteElo "2218"]
[BlackElo "2073"]
[PlyCount "47"]
[EventDate "2015.??.??"]
[WhiteTeam "SG Pang-Rosenheim"]
[BlackTeam "Narva Berlin"]

1. d4 e6 2. c4 Nf6 3. Nc3 Bb4 4. g3 b6 5. Bg2 c6 6. Nf3 d5 7. O-O O-O 8. Qa4
Bd6 9. Bg5 Be7 10. Ne5 Bb7 11. Rfd1 Nbd7 12. Bf4 Nxe5 13. Bxe5 Nd7 14. cxd5
exd5 15. e4 dxe4 16. Nxe4 Nxe5 17. dxe5 Qc7 18. Nd6 b5 19. Qc2 Rad8 20. Nxb7
Qxb7 21. Qxc6 Qb8 22. f4 Rc8 23. Qb7 Rc2 24. Qxe7 1-0

[Event "14. Lichtenberger Sommer"]
[Site "14. Lichtenberger Sommer"]
[Date "2015.08.21"]
[Round "7.18"]
[White "Ferster, Fabian"]
[Black "Zschäbitz, Klaus"]
[Result "1-0"]
[WhiteElo "2142"]
[BlackElo "2061"]
[PlyCount "109"]
[EventDate "2015.??.??"]
[WhiteTeam "SK Ottenau"]
[BlackTeam "Berliner SchGes Eckbauer"]

1. d4 e6 2. c4 Nf6 3. Nf3 c5 4. d5 b5 5. cxb5 exd5 6. Bg5 Bb7 7. e3 Be7 8. Be2
d6 9. Nc3 Nbd7 10. O-O O-O 11. a4 Qa5 12. Nd2 c4 13. Nf3 h6 14. Bh4 Nc5 15. Nd4
Qc7 16. Nf5 Bd8 17. Qc2 Qd7 18. Bxf6 Bxf6 19. Bg4 Qd8 20. Bf3 Ne4 21. Bxe4 dxe4
22. Rad1 d5 23. Nxe4 Be5 24. f4 Bc7 25. Qc3 f6 26. Nc5 Bc8 27. Rxd5 Qe8 28.
Qxc4 Kh8 29. Re1 Qg6 30. Ne7 Qf7 31. Nxc8 Raxc8 32. Qd3 Ba5 33. Rd1 Qe7 34. Nb3
Bb6 35. Nd4 Qb4 36. Ne6 Rfe8 37. f5 Qxa4 38. Rd7 Rg8 39. Rf1 Qc2 40. h3 Qxb2
41. Nd4 Rge8 42. Re1 Rc3 43. Qd1 Rexe3 44. Rxe3 Rxe3 45. Kh2 Re4 46. Nf3 Qxb5
47. Qd6 Re8 48. Nh4 Qe5+ 49. Qxe5 fxe5 50. Ng6+ Kg8 51. Ne7+ Kh7 52. f6 gxf6
53. Nf5+ Kh8 54. Nxh6 Rd8 55. Nf7+ 1-0

[Event "14. Lichtenberger Sommer"]
[Site "14. Lichtenberger Sommer"]
[Date "2015.08.21"]
[Round "7.19"]
[White "Kohler, Thomas"]
[Black "Daverkausen, Bernd"]
[Result "0-1"]
[WhiteElo "2206"]
[BlackElo "2137"]
[PlyCount "26"]
[EventDate "2015.??.??"]
[WhiteTeam "SC Zitadelle Spandau"]
[BlackTeam "SC Zugzwang 95 (Berlin)"]

1. c4 g6 2. d4 Bg7 3. e4 d6 4. Nc3 Nf6 5. h3 O-O 6. Bg5 Na6 7. Bd3 e5 8. d5 Qe8
9. a3 Nh5 10. g3 f5 11. Be2 Nc5 12. exf5 Bxf5 13. Bd3 Bxd3 0-1

[Event "14. Lichtenberger Sommer"]
[Site "14. Lichtenberger Sommer"]
[Date "2015.08.21"]
[Round "7.20"]
[White "Donath, Johann"]
[Black "Niehaus, Frank"]
[Result "0-1"]
[WhiteElo "2060"]
[BlackElo "2203"]
[PlyCount "134"]
[EventDate "2015.??.??"]
[WhiteTeam "BSV 63 Chemie Weißensee"]
[BlackTeam "SK König Tegel"]

1. e4 d6 2. d4 Nf6 3. Bd3 e5 4. dxe5 dxe5 5. Nf3 Nbd7 6. O-O Be7 7. Nc3 c6 8.
Ne2 O-O 9. Ng3 Qc7 10. c3 Nc5 11. Bc2 a5 12. b4 Rd8 13. Qe2 axb4 14. cxb4 Ne6
15. Bb2 Nf4 16. Qe3 Ng4 17. Qc3 f6 18. h3 Nh6 19. Bc1 Qb6 20. Bxf4 exf4 21. Ne2
Qxb4 22. Bb3+ Kh8 23. Qxb4 Bxb4 24. Nxf4 Re8 25. Rad1 Ba5 26. Rd4 Bc7 27. Nd3
b6 28. Re1 c5 29. Ra4 Ba6 30. Bd5 Bb7 31. Bxb7 Rxa4 32. Bc6 Raa8 33. Bxe8 Rxe8
34. e5 Kg8 35. exf6 Rxe1+ 36. Nfxe1 gxf6 37. Kf1 Kf7 38. Ke2 Ke6 39. Nb2 Kd5
40. Kd3 b5 41. Kc2 Nf5 42. Nd1 Nd4+ 43. Kb1 Ba5 44. Nd3 c4 45. Ne3+ Kc6 46. Nb2
Be1 47. a4 bxa4 48. Nxa4 Kb5 49. Nb2 c3 50. Nd3 Bd2 51. g4 Kc6 52. Nb4+ Kd7 53.
Nf5 Nf3 54. Nd3 Ke6 55. Kc2 Ng1 56. Nd4+ Kd5 57. Nb3 Nxh3 58. Nxd2 cxd2 59.
Kxd2 Ke4 60. Ke2 Ng1+ 61. Kf1 Nf3 62. Kg2 Nd2 63. Ne1 Kf4 64. f3 Ke3 65. Kg3
Ke2 66. f4 Kxe1 67. g5 f5 0-1